'Club' Sporcle Quiz Stats

 Plays Quiz Updated Nov 2, 2018

Score 0/30 Timer 07:00
0 Plays Today
Clue Answer % Correct
9 iron, for exampleGolf Club
89.7%
3 slices of bread typically containing turkey, bacon, lettuce, and tomatoClub Sandwich
87.9%
Carbonated waterClub Soda
86.8%
A private facility typically associated with a golf courseCountry Club
82.8%
1985 John Hughes film starring Molly RingwaldThe Breakfast Club
75.9%
American variety television show that starred Christina Aguilera, Justin Timberlake, and Britney Spears as childrenThe New Mickey Mouse Club
73.8%
The first rule of this quiz?
You do NOT talk about this answer!
Fight Club
69.1%
The 'FC' in Manchester United FC or FC BarcelonaFootball Club
66.7%
A warehouse retailer owned and operated by WalmartSam's Club
65.9%
2003 song by rapper 50 Cent that hit #1 on the chartsIn da Club
65.2%
Boy George's 1980's British pop groupCulture Club
62.3%
A United States Organization which registers purebred dog pedigreesAmerican Kennel Club
52.6%
1996 comedy starring Diane Keaton, Goldie Hawn, and Bette MidlerThe First Wives Club
41.3%
French Corporation specializing in exotic vacation resortsClub Med
38.7%
The Beatles' eighth studio album.
Featured songs such as 'Lucy In The Sky With Diamonds' and 'Lovely Rita'
Sgt. Pepper's Lonely Hearts Club Band
38.5%
Clue Answer % Correct
Popular series of children's books by Ann Martin. The Baby-Sitters Club
35.4%
Flagship program of the Christian Broadcasting Network, hosted by Pat Robertson700 club
33.8%
The World's first independent credit card companyDiner's Club International
33.7%
Sy Sperling isn't just the president.
He's also a client.
Hair Club
30.4%
2008 song by Usher featuring Young Jeezy that hit #1 on the chartsLove in this Club
27.5%
Ontario based Whisky company founded in the 1850sCanadian Club
27.3%
1989 Amy Tan novel and subsequent Oliver Stone produced FilmThe Joy Luck Club
25.3%
2004 Comedy/Horror film starring Bill Paxton and the cast of Super TroopersBroken Lizard's Club Dread
24.9%
U.S. grassroots environmental organizationSierra Club
18.8%
Famed NYC night club during the prohibition & the subject of a 1984 Richard Gere filmCotton Club
13.2%
A children's Massively Multiplayer Online Game released in 2005 later purchased by DisneyClub Penguin
13.1%
1999 documentary about the members organization and musical center in 1940s HavanaBuena Vista Social Club
8.3%
Sheryl Crow's debut album titleTuesday Night Music Club
5.5%
1980's R&B group best known for their cover of Bill Withers' 'Lean On Me'Club Nouveau
4.9%
Clandestine Marvel Comics society often at odds with the X-MenHellfire Club
3.3%

You're not logged in!

Compare scores with friends on all Sporcle quizzes.
OR
Log In

Sporcle TV

Today on Sporcle TV


Watch our educational content, quiz creation guides, and fun videos on Sporcle TV.

Show Comments

Extras

Top Quizzes Today


Score Distribution

Your Account Isn't Verified!

In order to create a playlist on Sporcle, you need to verify the email address you used during registration. Go to your Sporcle Settings to finish the process.

Report this User

Report this user for behavior that violates our Community Guidelines.

Details: